000 00325 a2200157 4500
001 56406
020 _a9788502072978
040 _cAnchieta - Pituba
100 _aBizerril, Marcelo
240 1 0 _aOutros 500
_lpor
245 1 0 _aOutros 500
300 _a112
362 0 _a2008
650 4 _aLiteratura juvenil
942 _cBK
999 _c56406
_d56406